Mcq dam quiz (Copy) Stats

 Plays Quiz not verified by Sporcle

Support Sporcle.
Go Orange.
Score 0/92 Timer 20:00
0 Plays Today
Question Answer Wrong Answers
Baglihar(Chenab) J n k
92.9%
Up
0%
Uk
0%
Punjab
3.6%
Ukai dam (tapti) Gujarat
92.9%
Uk
0%
Punjab
3.6%
Kerala
0%
Mullaperiyar dam(periyar) Kerala
92.9%
Up
0%
Uk
0%
Arunachal
0%
Hirakud dam(Mahanadi) Odisha
89.3%
Uttrakhand
0%
West Bengal
0%
Mizoram
3.6%
Bhatsa dam(bhatsa and chorna) Maharashtra
89.3%
Up
7.1%
Uk
0%
Tamil nadu
0%
Bilaspur dam (banas) Rajasthan
89.3%
Uttrakhand pardesh
0%
Jharkhand
3.6%
Meghalaya
3.6%
Mettur(Kaveri) Tamil nadu
89.3%
Odisha
0%
Himachal
0%
Karnatka
3.6%
Nagi dam Bihar
89.3%
Up
0%
Jharkhand
3.6%
Uk
0%
Idamalayar dam KeralA
89.3%
Maharashtra
0%
Assam
3.6%
Arunachal
0%
Krishna raja sagar dam at Cauvery(Karnataka)
85.7%
Krishna(Karnataka)
7.1%
Brahmani(Orissa)
0%
Chenab(j&k)
3.6%
Tehri dam Bhagirathi uk
85.7%
Bhagirathi odissha
3.6%
Bhagirathi up
0%
Bhagirathi Madhya par
3.6%
Pakal dam(marusudar) J&k
85.7%
Up
0%
Mizoram
0%
Arunchal
3.6%
Jawahar sagar dam{chambal} Rajasthan
85.7%
J&k
3.6%
Himachal
0%
Uttrakhand
0%
Nizam Sagar dam(manzira) Telangana
85.7%
Gujrat
3.6%
Karnatak
7.1%
Up
0%
kolab dam Odisha
85.7%
mp
7.1%
tamilnadu
3.6%
sikkim
0%
Koyna dam Maharashtra dam
85.7%
Uttrakhand
3.6%
Mizoram
0%
J&k
3.6%
Kangsabti dam West bengal
85.7%
Uk
0%
Up
0%
Maharashtra
7.1%
Indrasagar dam(Narmada) Madhya pardesh
85.7%
Arunchal pardesh
0%
Andhra pardesh
0%
Jharkhand
7.1%
Rana partap sagar dam(chambal) Rajasthan
85.7%
Uttrakhand
3.6%
Punjab
7.1%
Haryana
0%
Somasila(Penner) Andhra
85.7%
Uttrakhand
0%
Up
0%
Karnatka
10.7%
Maithon dam( barakar) Jharkhand
85.7%
Up
3.6%
Maharashtra
7.1%
Madya pardesh
0%
Sardar sarover river Narmada
85.7%
Tapti
3.6%
Mahandi
3.6%
Krishna
0%
Lakhwar dam(yamuna) Uttrakhand
85.7%
Maharshtra
3.6%
Odisha
0%
Harauani
3.6%
Rangitt dam Sikkim
85.7%
Mizoram
3.6%
Arunachal
0%
Nagaland
3.6%
Linganmakki dam(sharavati) Karnatka
85.7%
Up
0%
Mizoram
0%
Haryana
10.7%
Srisailam /nagarjuna located at which river Krishna
85.7%
Godavari
7.1%
Mahandi
0%
Kaveuri
3.6%
Hemavti dam Karnatka
82.1%
Up
7.1%
Haryana
0%
Himachal
3.6%
Supu dam(Kali Nadi) Karnataka
82.1%
Uk
3.6%
Madhya pardesh
7.1%
Up
3.6%
Basava sagar (narayanpur dam)(Krishna) Karnatka
82.1%
Tamil nadu
3.6%
Orissa
3.6%
Goa
3.6%
Hasdeo bango dam Chattishgarh
82.1%
Tamil nadu
3.6%
Karnataki
7.1%
Rajasthan
3.6%
Singur(manzira) Telangana
82.1%
Up
3.6%
Uk
0%
Tamilnadu
7.1%
Pillur dam(bhavani) Tamil nadu
82.1%
Karnatka
7.1%
Madhya par
3.6%
Kersla
0%
Salal dam(Chenab) J$k
82.1%
Himachal
10.7%
Uk
0%
Rajasthan
3.6%
Matatillal dam (betwa) Up
82.1%
Uk
10.7%
Maharshtara
0%
Kerala
3.6%
Omkareshwar dam(Narmada) Mp
82.1%
Up
0%
Uk
0%
Maharshtra
10.7%
Uri dam is located at river Jhelum
82.1%
Chenab
7.1%
Ravi
0%
Beas
0%
Jaswant sagar dam(luni) Rqjasthan
82.1%
Punjab
3.6%
Up
0%
Madhya par
7.1%
Tungbhadra dam Karnatka
82.1%
Up
0%
Tamil nadu
10.7%
Uk
0%
Tawa dam Madhya pardesh
82.1%
Jharkhand
3.6%
Uttrakhand
7.1%
Andhra par.
3.6%
Aruna dam Maharashtra
82.1%
Madhya prdesh
0%
Assam
0%
Kerala
10.7%
Ranjit sagar dam (punjab) Ravi
82.1%
Jhelum
0%
Beas
0%
Sutlej
10.7%
Ranganadi Arunachal
78.6%
Andhra
7.1%
Kerala
10.7%
Assam
0%
Kadna(mahi) Gujarat
78.6%
Up
0%
Madya pardesh
14.3%
J$k
3.6%
bhadra dam Karnatka
78.6%
Andhra pardsh
0%
Kerala
7.1%
Telangana
3.6%
Mahi bajaj sagar dam(mahi) Rajasthan
78.6%
Chattishgarh
0%
Madhya par
7.1%
Gujarat
7.1%
Almatti dam Krishna (Karnataka)
78.6%
Damodar(jharkhand)
3.6%
Tapti(Gujarat)
14.3%
Mahanadi(chattishgarh)
0%
Idukki dam(periyar) Kerala
78.6%
Up
0%
Uk
3.6%
Jharkhand
3.6%
Warna dam ( varna) Maharshtra
78.6%
Himachal
7.1%
Assam
0%
Mizoram
7.1%
Polavaram(godavari) Andhra pardesh
78.6%
Manipur
3.6%
Himachal
3.6%
Uk
7.1%
Ujjani dam(bhima) Maharshtra
78.6%
Madhya Pradesh
10.7%
Karnataki
0%
Bihar
0%
Chamera dam(Ravi) Himachal
78.6%
Punjab
7.1%
Haryana
0%
Gujart
3.6%
Koteshwar dam(bhagirathi) Uttrakhand
75%
Up
0%
MadhyA par
7.1%
Karnatka
10.7%
Kakki dam Kerala
75%
Karnataka
10.7%
J&k
7.1%
Up
0%
Isapur dam(penganga) Maharashtra
75%
Andhra padesh
10.7%
Kerela
3.6%
Karnatka
3.6%
Kapur dam Odisha
75%
Arunchal par
3.6%
Andhra
10.7%
Chattisgarh
3.6%
Hidkal dam(ghatprabha) Karnatka
75%
Uk
7.1%
Tamil nadu
0%
Arunachal
14.3%
Karjan dam Gujarat
75%
Uk
0%
Maharashtra
10.7%
Kerala
3.6%
Tenughat dam Damodar(jharkhand)
75%
Damodar(odhisaa)
7.1%
Ganga(up)
3.6%
Indus(j&k)
0%
Nimboo bango dam river? Indus (j&k)
75%
Sutlej(punjab)
3.6%
Krishna(Karnataka)
10.7%
Gangs(up)
3.6%
Aji dam gujrat
75%
uk
3.6%
bihar
10.7%
chatisgarh
3.6%
Dharoi dam(sabarmati) Gujarat
71.4%
Maharashtra
7.1%
Himachal
7.1%
Rajasthan
3.6%
Kulamavu dam(killivillithode) Kerala
71.4%
Karnaka
7.1%
Andhra
10.7%
Arunchal
3.6%
Dhudwa dam(Mahanadi) Chattishgarh
71.4%
Up
17.9%
Uk
3.6%
Himachal
0%
Totladoh dam(pench) Maharashtra
71.4%
Madhya pardesh
14.3%
Kerala
0%
Nagaland
3.6%
Pong dam river? Beas
71.4%
Sutlej
14.3%
Chanab
0%
Indus
7.1%
Bhakhra dam Sutlej
71.4%
Ravi
3.6%
Beas
14.3%
Mahandi
3.6%
Ban sagar dam(son) Madhya pardesh
71.4%
Uttrakhand
14.3%
Up
0%
Tamil nadu
3.6%
Bhawani dam Tamil nadu
67.9%
Gujarat
10.7%
Up
3.6%
Madhya pardesh
10.7%
Musi dam(musi) Telangana
67.9%
Madya par
7.1%
Nagaland
7.1%
Mizoram
7.1%
Rihand dam Up
67.9%
Uk
3.6%
Bihar
7.1%
Want bengal
10.7%
Cheruthoni dam Kerela
67.9%
Karnataka
10.7%
Tamil nadu
7.1%
Up
7.1%
Malprabha dam Karnataka
67.9%
Tamilnadu
0%
Andhra pardesh
10.7%
Odisha
14.3%
kohira dam bihar
67.9%
Up
7.1%
Andhra pardesh
7.1%
jharkhand
7.1%
Kishan ganga dam J&k
64.3%
Uk
7.1%
Kerala
10.7%
Mizoram
3.6%
Natha pa jhakri river? Sutlej
64.3%
Ravi
7.1%
Beas
21.4%
Ganga
0%
Kishua dam Tons(himachal)
64.3%
Ravi(Jammu)
14.3%
Sutlej(punjab)
7.1%
Gangs(UK)
0%
Mitti dam Gujarat
64.3%
Rajasthan
10.7%
Up
7.1%
Uk
7.1%
Chutak dam(sure) J&k
64.3%
Maharshtra
14.3%
Arunachal
0%
Himachal
14.3%
Penchant dam(damodar) Jharkhand
64.3%
Up
0%
Odissa
14.3%
Karnatka
14.3%
Podagada dam Odisha
64.3%
Tamil nadu
17.9%
Jharkhand
3.6%
Nagaland
7.1%
Jamrani dam(goal) Uttrakhand
64.3%
Up
0%
Jharkhand
17.9%
Sikkim
7.1%
kabini dam Karnataka
64.3%
kerala
14.3%
Andhra pardesh
10.7%
Tamilnadu
7.1%
Haldia dam Odisha
64.3%
Mp
10.7%
Andhra par
7.1%
Jharkhand
10.7%
Konar dam Jharkhand
64.3%
Uttrakhand
14.3%
Assam
3.6%
Arunachal
10.7%
Muran dam Odisha
60.7%
Chattisgarh
17.9%
West Bengal
10.7%
Jharkhand
3.6%
Indravati dam Odisha
60.7%
Up
3.6%
Jharkand
0%
Chattisgarh
32.1%
Rajghat dam up
60.7%
mp
3.6%
bihar
28.6%
jharkhand
0%
Kol dam Himachal
60.7%
Uttarakhand
7.1%
MP
7.1%
J n K
17.9%
Gandhi sagar dam(chambal) Madhya pardesh
60.7%
Uttrakhand
3.6%
Up
7.1%
Rajasthan
21.4%
Rengali dam(Brahmani) Odisha
60.7%
Chattishgarh
10.7%
Maharashtra
17.9%
Arunchal pardesh
3.6%
Sipu dam Gujrat
57.1%
Assam
7.1%
Karnataka
28.6%
up
0%
Solayar dam Tamil nadu
57.1%
Uk
0%
Up
0%
KeralA
35.7%

You're not logged in!

Compare scores with friends on all Sporcle quizzes.
OR
Log In

From the Vault

200 HRs in 1 Ballpark

by redsoxfan34

These guys liked to hit home runs from the home plates of their home parks.
Remove Ads.
Support Sporcle.
Get the best of Sporcle when you Go Orange. This ad-free experience offers more features, more stats, and more fun while also helping to support Sporcle. Thank you for becoming a member.

Show Comments

Extras

Created Feb 12, 2018ReportNominate
Tags:dam

Top Quizzes Today


Score Distribution

Your Account Isn't Verified!

In order to create a playlist on Sporcle, you need to verify the email address you used during registration. Go to your Sporcle Settings to finish the process.

Report this User

Report this user for behavior that violates our Community Guidelines.

Details: